| 000 | 00660nam a2200193Ii 4500 | ||
|---|---|---|---|
| 003 | JO-AjNU | ||
| 008 | 230605s9999||||xx |||||||||||||| ||und|| | ||
| 040 |
_aJO-AjNU _bara _erda _cJO-AjNU |
||
| 041 | _aara | ||
| 050 | 1 | 4 | _aHN17.5 S25 1982 |
| 100 | 3 |
_aمحمد، سميرة كامل, _eauthor _937372 |
|
| 245 | 0 | 0 | _aمحاضرات في التخطيط الاجتماعي، ج1 |
| 264 | 3 | 1 | _aالاسكندرية: المكتب الجامعي الحديث، 1982 |
| 300 | _aج1، 109ص | ||
| 336 |
_atext _btxt _2rdacontent |
||
| 337 |
_aunmediated _bn _2rdamedia |
||
| 338 |
_avolume _bnc _2rdacarrier |
||
| 650 | 4 |
_a التخطيط الاجتماعي _937373 |
|
| 999 |
_aA15609 _c19177 _d19177 |
||